书目信息 |
| 题名: |
英语专业四、八级词汇表
|
|
| 作者: | 吴古华 , 邹申 , 高等学校英语专业英语教学大纲词汇表工作组 , 姚乃强 主编 | |
| 分册: | ||
| 出版信息: | 上海 上海外语教育出版社 2004.11 |
|
| 页数: | 414页 | |
| 开本: | 19cm | |
| 丛书名: | 外教社英语专业四、八级考试用书 | |
| 单 册: | ||
| 中图分类: | H313.1 | |
| 科图分类: | ||
| 主题词: | 英语--yang yu--词汇--高等学校--自学参考资料 | |
| 电子资源: | ||
| ISBN: | 7-81095-247-1 | |
| 000 | 01354nam 2200325 450 | |
| 001 | CAL 012005026200 | |
| 005 | 20060605155639.73 | |
| 010 | @a7-81095-247-1@dCNY 19.00 | |
| 099 | @aCAL 012005026200 | |
| 100 | @a20050322d2004 ekmy0chiy0121 ea | |
| 101 | 0 | @achi@aeng |
| 102 | @aCN@b310000 | |
| 200 | 1 | @a英语专业四、八级词汇表@Ayang yu zhuan ye si、 ba ji ci hui biao@d= Lexicon for English majors@f高等学校英语专业英语教学大纲词汇表工作组@Fgao deng xue xiao ying yu zhuan ye ying yu jiao xue da gang ci hui biao gong zuo zu@zeng |
| 205 | @a修订版 | |
| 210 | @a上海@c上海外语教育出版社@d2004.11 | |
| 215 | @a414页@d19cm | |
| 225 | 2 | @a外教社英语专业四、八级考试用书@Awai jiao she yang yu zhuan ye si、 ba ji kao shi yong shu |
| 314 | @a本书主编姚乃强, 吴古华 ; 执行主编邹申 | |
| 320 | @a有书目 (第413-414页) | |
| 410 | 0 | @12001 @a外教社英语专业四、八级考试用书 |
| 510 | 1 | @aLexicon for English majors@zeng |
| 606 | 0 | @a英语@Ayang yu@x词汇@x高等学校@j自学参考资料 |
| 690 | @aH313.1@v4 | |
| 701 | 0 | @a吴古华@Awu gu hua@4主编 |
| 701 | 0 | @a邹申@Azou shen@4执行主编 |
| 701 | 0 | @a高等学校英语专业英语教学大纲词汇表工作组@Agao deng xue xiao ying yu zhuan ye ying yu jiao xue da gang ci hui biao gong zuo zu |
| 701 | 0 | @a姚乃强@Ayao nai qiang@4主编 |
| 801 | 0 | @aCN@bWUL@c20060605 |
| 905 | @dH313.1@eG107 | |
| 906 | @dCNY 19.00@n3@r1 | |
| 英语专业四、八级词汇表= Lexicon for English majors/高等学校英语专业英语教学大纲词汇表工作组.-修订版.-上海:上海外语教育出版社,2004.11 |
| 414页;19cm.-(外教社英语专业四、八级考试用书) |
| ISBN 7-81095-247-1:CNY 19.00 |
| ● |
| 相关链接 |
|
|
|
正题名:英语专业四、八级词汇表
索取号:H313.1/G107
 
预约/预借
| 序号 | 登录号 | 条形码 | 馆藏地/架位号 | 状态 | 备注 |
| 1 | 606207 | 206062071 | 语言库209/209语言库 32排2列3层/ [索取号:H313.1/G107] | 在馆 | |
| 2 | 606208 | 206062080 | 语言库209/209语言库 32排2列3层/ [索取号:H313.1/G107] | 在馆 | |
| 3 | 606209 | 206062099 | 语言库209/209语言库 32排2列3层/ [索取号:H313.1/G107] | 在馆 | |
| 4 | 606210 | 206062106 | 语言库209/209语言库 32排2列3层/ [索取号:H313.1/G107] | 在馆 | |
| 5 | 606211 | 206062115 | 语言库209/209语言库 32排2列3层/ [索取号:H313.1/G107] | 在馆 |